Geography and ownership as bases for economic accounting

Bibliographic Details
Corporate Authors: National Bureau of Economic Research., ProQuest (Firm)
Other Authors: Baldwin, Robert E., Lipsey, Robert E., Richardson, J. David.
Format: Electronic eBook
Language:English
Published: Chicago : University of Chicago Press, c1998.
Series:Studies in income and wealth ; v. 59.
Subjects:
Online Access:Click to View
LEADER 01775nam a2200445Ia 4500
001 EBC408296
003 MiAaPQ
005 20200520144314.0
006 m o d |
007 cr cn|||||||||
008 980223s1998 ilua sb 101 0 eng d
010 |z  98003324  
020 |z 0226035727 (cloth : alk. paper) 
020 |z 9780226035727 
020 |z 9780226036540 
035 |a (MiAaPQ)EBC408296 
035 |a (Au-PeEL)EBL408296 
035 |a (CaPaEBR)ebr10216975 
035 |a (CaONFJC)MIL122309 
035 |a (OCoLC)437247623 
040 |a MiAaPQ  |c MiAaPQ  |d MiAaPQ 
050 4 |a HC79.I5  |b G46 1998 
082 0 4 |a 330 s  |a 339.3/2  |2 21 
245 0 0 |a Geography and ownership as bases for economic accounting  |h [electronic resource] /  |c edited by Robert E. Baldwin, Robert E. Lipsey, and J. David Richardson. 
260 |a Chicago :  |b University of Chicago Press,  |c c1998. 
300 |a x, 346 p. :  |b ill. 
490 1 |a Studies in income and wealth ;  |v v. 59 
500 |a Based on a conference held by the National Bureau of Economic Research in Washington, DC, on May 19-20, 1995. 
504 |a Includes bibliographical references and indexes. 
533 |a Electronic reproduction. Ann Arbor, MI : ProQuest, 2015. Available via World Wide Web. Access may be limited to ProQuest affiliated libraries. 
650 0 |a Flow of funds. 
650 0 |a National income  |x Accounting  |v Congresses. 
655 4 |a Electronic books. 
700 1 |a Baldwin, Robert E. 
700 1 |a Lipsey, Robert E. 
700 1 |a Richardson, J. David. 
710 2 |a National Bureau of Economic Research. 
710 2 |a ProQuest (Firm) 
830 0 |a Studies in income and wealth ;  |v v. 59. 
856 4 0 |u https://ebookcentral.proquest.com/lib/matrademy/detail.action?docID=408296  |z Click to View